书目信息 |
| 题名: |
洗耳恭听
|
|
| 作者: | 贺秋帆 著 | |
| 分册: | ||
| 出版信息: | 北京 北京师范大学出版社 2014 |
|
| 页数: | 284页 | |
| 开本: | 19cm | |
| 丛书名: | 京师爱乐丛书 | |
| 单 册: | ||
| 中图分类: | J605-53 | |
| 科图分类: | ||
| 主题词: | 音乐评论--文集 | |
| 电子资源: | ||
| ISBN: | 978-7-303-17399-0 | |
| 000 | 00957nam0 2200265 450 | |
| 001 | 339889 | |
| 005 | 20150604163934.76 | |
| 010 | @a978-7-303-17399-0@dCNY35.00 | |
| 100 | @a20140303d2014 em y0chiy50 ea | |
| 101 | 0 | @achi |
| 102 | @aCN@b110000 | |
| 105 | @ay z 000yy | |
| 106 | @ar | |
| 200 | 1 | @a洗耳恭听@Axi er gong ting@e读懂音乐大师@f贺秋帆著 |
| 210 | @a北京@c北京师范大学出版社@d2014 | |
| 215 | @a284页@d19cm | |
| 225 | 1 | @a京师爱乐丛书@f刘雪枫主编 |
| 330 | @a本书收录8位当代中国音乐评论家近年来发表于三联《爱乐》杂志、《看电影》和诸多文学杂志网站等的爱乐聆听文字和古典音乐随笔, 交织着经典细读与欧洲音乐之都的旅行, 更有着对于82年代音乐狂热的深情回眸, 拉近了我们和西方音乐历史的联系。 | |
| 410 | 0 | @12001 @a京师爱乐丛书 |
| 517 | 1 | @a读懂音乐大师@Adu dong yin yue da shi |
| 606 | 0 | @a音乐评论@j文集 |
| 690 | @aJ605-53@v5 | |
| 701 | 0 | @a贺秋帆@Ahe qiu fan@f(1968)@4著 |
| 801 | 0 | @aCN@b卓展宏图@c20150525 |
| 905 | @dJ605-53@e646@f4 | |
| 洗耳恭听:读懂音乐大师/贺秋帆著.-北京:北京师范大学出版社,2014 |
| 284页;19cm.-(京师爱乐丛书/刘雪枫主编) |
| ISBN 978-7-303-17399-0:CNY35.00 |
| 本书收录8位当代中国音乐评论家近年来发表于三联《爱乐》杂志、《看电影》和诸多文学杂志网站等的爱乐聆听文字和古典音乐随笔, 交织着经典细读与欧洲音乐之都的旅行, 更有着对于82年代音乐狂热的深情回眸, 拉近了我们和西方音乐历史的联系。 |
| ● |
| 相关链接 |
|
|
|
|
正题名:洗耳恭听
索取号:J605-53/646
 
预约/预借
| 序号 | 登录号 | 条形码 | 馆藏地/架位号 | 状态 | 备注 |
| 1 | 854786 | 208547866 | 第一样本阅览室/ [索取号:J605-53/646] | 在馆 | |
| 2 | 854787 | 208547875 | 密集书库-音乐系/ [索取号:J605-53/646] | 在馆 | |
| 3 | 854788 | 208547884 | 第一借阅区/ [索取号:J605-53/646] | 在馆 | |
| 4 | 854789 | 208547893 | 第一借阅区/ [索取号:J605-53/646] | 在馆 |